Statistiken für Die Strohhut-Bande

Klicken Sie hier um das Quiz zu spielen!

Allgemein

  • Dieses Quiz wurde 53 mal gespielt
  • Das Durchschnittsergebnis liegt bei 8 aus 10

Antwortstatistiken

Antwort% Korrekt
Monkey D. Ruffy
100%
Lorenor Zorro
95%
Nami
91%
Sanji Vinsmoke
84%
Tony Chopper
84%
Nico Robin
82%
Brook
73%
Lysop
73%
Cutty „Franky“ Framm
64%
Jinbei
39%

Verteilung der Resultate

Perzentil nach korrekt beantworteten Fragen

Anzahl Personen mit jedem Resultat

Ihre Resultats-Entwicklung

Sie haben dieses Quiz noch nicht gespielt